000 00730nam a2200217Ia 4500
003 GCL
008 140319s9999 xx 000 0 ara d
040 _aGCL /
_cGCL
082 0 4 _aد
_b050
100 1 _aشاكر عبدالحميد
245 1 0 _aالعبقرية والابداع والقيادة: دراسات فى القياس التاريخى ( عالم المعرفة 176 ) /
_cشاكر عبدالحميد
700 1 _aدين كيث سايمنتن
300 _a344 ص
490 _aعالم المعرفة
_v0
650 0 4 _aالقيادة
650 0 4 _aالعبقرية
650 0 4 _aالابداع
650 0 4 _aالقيادات التربوية
650 0 4 _aالتاريخ - احصائيات
942 _2ddc
_cBK
999 _c50316
_d50316